000 00285nam a22001337a 4500
008 170823b xxu||||| |||| 00| 0 eng d
020 _a0226783294
041 _aeng
080 _a51
100 _a38
101 _aMAT
245 _aTHE THEORY OF SHEAVES
_cSWAN,R.G
942 _2udc
_cBK
999 _c24682
_d24682